| 000 | 00834nam a2200241 a 4500 | ||
|---|---|---|---|
| 001 | 1995 | ||
| 003 | CDMR | ||
| 005 | 20130919131644.0 | ||
| 008 | 130130s1994||||||||||||||||||||||||||||d | ||
| 020 | _a8439330537 | ||
| 040 |
_aCDMR _bcat _cCPC LLEIDA |
||
| 100 | 1 |
_aFuentes i Pujol, Maria Eulàlia _9606 |
|
| 245 | 1 | 3 |
_aLa documentació periodística _b: Catalunya, Espanya i altres experiències europees _cM. Eulalia Fuentes, Alícia Conesa ; pròleg Carles Sentís |
| 260 |
_aBarcelona _c1994 _bCentre d'Investigació de la Comunicació |
||
| 300 | _a183 p. | ||
| 490 |
_aEstudis i Recerques _v11 |
||
| 650 | 0 | 4 |
_92605 _aDocumentació |
| 650 | 0 | 4 |
_93564 _aPeriodisme _xFonts d'informació _zEspanya |
| 650 | 0 | 4 |
_9744 _aServeis d'informació |
| 700 | 1 |
_93472 _aConesa, Alícia |
|
| 700 | 1 |
_9107 _aSentís, Carles _epr. |
|
| 942 |
_cMON _2udc |
||
| 999 |
_c1995 _d1995 |
||